| 000 | 00641nam a2200181 i 4500 | ||
|---|---|---|---|
| 001 | 182795 | ||
| 003 | ES-MaACL | ||
| 005 | 20250730170145.0 | ||
| 008 | 131105s1990 sp |||| | spa d | ||
| 100 | 1 |
_aBrisset, Demetrio. _931792 |
|
| 245 | 1 | 3 |
_aUn modelo de ficha para estudiar las fiestas / _cDemetrio E. Brisset. |
| 260 |
_a[Madrid] : _bMinisterio de Cultura, Dirección General de Bellas Artes y Archivos, _c1990. |
||
| 300 |
_aP. 175-187 ; _c24 cm. |
||
| 595 | _aSeparata de: Anales del Museo del Pueblo Español, 1990, Tomo III. | ||
| 650 | 7 |
_aFiestas _2embne _9153776 |
|
| 852 |
_aES-MaACL _j2329-F-11 |
||
| 999 |
_c182795 _d182795 |
||